000 00287nam a22001217a 4500
008 170620b xxu||||| |||| 00| 0 eng d
041 _aeng
080 _a328
100 _a20
101 _aSHP
245 _aU.S GOVERNMENT SECURITIES MARKETS
_cBOLLENBAEHER.G.M
942 _2udc
_cBK
999 _c18201
_d18201